01797nam a2200181Ia 4500001001300000003001000013008004100023040002500064041000700089100003400096245005700130250001100187260003300198300001200231500128400243650005001527700003801577b6564-47115 IT-MiCISF161014s9999||||xx |||||||||||||| ||und|| aIT-MiCISFcIT-MiCISF ait aFrancesconi Marco (a cura di) 0aAdolescenti: cultura del rischio ed etica dei limiti a1a ed. a MilanobFranco Angelic2009 app. 192 aTurchetti P., Feliziani F., Vegetti Finzi S., Torre E., Francesconi M., Grosso L., Ferruzza E., Scotto Di Fasano D., Pagnin A., Giaconia G., Palladino M.T., Busani F., Puglielli L., Turuani L., Peruselli S., Zanetti M.A..... / adolescenza, comportamento, disadattamento, educazione, psicologia / Come intendere il rischio in adolescenza? Perché gli adolescenti sembrano averne bisogno? Perché la prudenza non è per loro una virtù? E perché è però necessario imparare a correre dei rischi per crescere? E ancora: possiamo parlare di una cultura del rischio come antidoto a vissuti di precarietà esistenziale e di etica del limite nella sua funzione di contenitore in grado di dare forma a soggetti che crescono in società liquide? A questi ed altri interrogativi cerca di rispondere questo testo, mostrando come l'esposizione al rischio in adolescenza si intreccia non solo con il crescere ma anche con la dimensione del limite, categoria oggi sempre più ignorata dagli adulti prima ancora che dai più giovani. Il libro si avvale anche di un'approfondita ricerca sul campo condotta su un campione di più di 1200 adolescenti tra i 14 e i 18 anni di tre aree del nord Italia, intervistati mediante strumenti di indagine psicologica cognitivi e psicodinamici. a Adolescenti e giovani / età-evolutivae009 aZanetti Maria Assunta (a cura di)